بلدان العالم : (رقم التسجيلة. 128960)
[ عرض عادي ]
| 000 -LEADER | |
|---|---|
| fixed length control field | 00624nam a22002057a 4500 |
| 005 - DATE AND TIME OF LATEST TRANSACTION | |
| control field | 20251108175222.0 |
| 008 - FIXED-LENGTH DATA ELEMENTS--GENERAL INFORMATION | |
| fixed length control field | 250721s2002 xx 000 0 ara d |
| 020 ## - INTERNATIONAL STANDARD BOOK NUMBER | |
| International Standard Book Number | 9953996784 |
| 082 14 - DEWEY DECIMAL CLASSIFICATION NUMBER | |
| Classification number | م/ط/911/ولي |
| 100 1# - MAIN ENTRY--PERSONAL NAME | |
| Personal name | وليمز، براين |
| 245 10 - TITLE STATEMENT | |
| Title | بلدان العالم : |
| Remainder of title | القارات والبلدان / |
| 264 1# - PRODUCTION, PUBLICATION, DISTRIBUTION, MANUFACTURE, AND COPYRIGHT NOTICE | |
| Place of production, publication, distribution, manufacture | بيروت : |
| Name of producer, publisher, distributor, manufacturer | دار العلم للملاين، |
| Date of production, publication, distribution, manufacture, or copyright notice | 2002. |
| 300 ## - PHYSICAL DESCRIPTION | |
| Extent | ج.1. |
| 490 0# - SERIES STATEMENT | |
| Series statement | سلسلة دليل المعرفة |
| 650 17 - SUBJECT ADDED ENTRY--TOPICAL TERM | |
| Topical term or geographic name as entry element | العالم |
| 650 17 - SUBJECT ADDED ENTRY--TOPICAL TERM | |
| Topical term or geographic name as entry element | الأطالس |
| 653 ## - INDEX TERM--UNCONTROLLED | |
| Uncontrolled term | ناشئون كبار (15-18) سنة |
| 942 ## - ADDED ENTRY ELEMENTS (KOHA) | |
| Source of classification or shelving scheme | Dewey Decimal Classification |
| Koha item type | مراجع |
| حالة السحب | حالة الفقدان | مصدر التصنيف | حالة التلف | غير قابل للإعارة | المكتبة الرئيسية | المكتبة الحالية | موقع الرف | تاريخ التزويد | الرقم المتسلسل | Total Checkouts | رقم الإستدعاء | الباركود | تاريخ آخر ظهور | تاريخ الفاتورة | نوع المادة (كوها) |
|---|---|---|---|---|---|---|---|---|---|---|---|---|---|---|---|
| Dewey Decimal Classification | Not For Loan | مكتبة الأميرة سلمى | مكتبة الأميرة سلمى | مراجع | 01/03/2016 | 566246 | م/ط/911/ولي | PLD00377306 | 28/07/2025 | 01/03/2016 | مراجع | ||||
| Dewey Decimal Classification | مكتبة الياسمين للأطفال | مكتبة الياسمين للأطفال | الأطفال | 28/07/2025 | 557887 | م/ط/911/ولي | PLD00296508 | 28/07/2025 | 28/07/2025 | مراجع |